000 00662nam a2200289Ia 4500
005 20260324111539.0
008 008 260324s9999 xx 000 0 eng d
020 _a9781003451778
037 _aEBOOK
040 _aCRL
040 _beng
040 _cCRL
041 _2eng
041 _aeng
084 _qCRL
100 _aAli Madanipour
_9874524
245 0 _aAuthenticity and Urbanism
245 2 _bA Critical Inquiry
260 _bTaylor and Francis
260 _c2025
365 _a
365 _b230
856 _uhttp://www.taylorfrancis.com/books/9781003451778
942 _cEBOOK
999 _c1727878
_d1727878